03080nam a2200289Ia 4500003000400000005001700004008004100021020001800062040002100080041000800101082002400109100004500133245015100178250001800329260006700347300002900414500005900443504003800502505028500540520168100825650005302506700004102559700004502600942001202645999001502657952011802672OSt20210720095502.0210310s2011 ck gr 000 0dspa d a9789588692210 aCO-JMCRcCO-JMCR0 aspa04a332.82 /bC961t2231 aCuartas Mejía, Vicente, 916241eautor10aTasas de interés para la toma de decisiones de inversión / cVicente Cuartas Mejía, Daniel Manzano Mira, José Fernando Gómez y [1 más] a1° edición aMedellín : bUniversidad de Medellín : Ediciones U, c2011 a106 páginas ; c24 cm. aIncluye datos biográficos de los autores y glosario. aBibliografía: páginas 105-1060 aGeneralidades y conversión de las tasas de interés -- Tasas netas, combinadas, reales, tasas promedio, tasas promedio ponderadas, tasas futuras implícitas (forward) -- Tasas de cambio y devaluación cruzadas -- Rentabilidad de las tasas de inversiones en moneda extranjera 3 aEn el mundo de las inversiones y las finanzas, las tasas de interés juegan un papel muy importante, ya que es por medio de estas que el inversionistas mide y compara la rentabilidad de diferentes proyectos de inversión, con el fin de escoger la mejor alternativa. Esta obra contiene los fundamentos para el estudio, análisis y comprensión del manejo financiero de las tasas de interés. Los conceptos se exponen de una forma clara y sencilla, de tal modo que le permita al lector el aprendizaje rápido, aun sin tener conocimientos sobre finanzas, ya que se exponen con matemáticas simples o convencionales. Cada uno de los temas tratados va acompañado de ejercicios de común ocurrencia en el mercado financiero y de capitales, tanto en el contexto nacional como internacional. El texto está acompañado de la aplicación de algunos temas en Excel, al igual que un simulador interactivo, el cual le permite al lector comprobar y resolver de manera rápida pequeños problemas del acontecer financiero en el campo de las tasas de interés. Al terminar de leer y comprender el texto, el lector tendrá la capacidad de analizar, interpretar y aplicar a la vida cotidiana los diferentes temas concernientes a las tasas de interés. Podrá solucionar de manera ágil problemas financieros presentes a la hora de adquirir un crédito o de realizar una inversión, sea en moneda nacional o extrajera. El lector también tendrá la capacidad de comprender los diferentes conceptos dentro del tópico de las tasas de interés: conversión de tasas, DTF, IPOC, UVR tasas futuras implícitas, netas, reales, devaluación, 4 por mil, TRM, entre otros. 14aTasas de interés916243vModelos matemáticos1 aManzano Mira, Daniel, eautor9385821 aGómez, José Fernando, eautor938583 2ddccBK c8067d8067 00102ddc40708NFICaCPLbCPLd2018-04-15eDonacióno332.82 / C961tp430003204r2024-05-16 00:00:00tEj.1yBK